MDQL
is popping MORE tags! Check the
thread
!
Quizzes
Events
Quiz Creation
Community
Videos
Private Events
Remove Ads
Sign In
Join for FREE
Feedback
Dark Mode
Quiz Categories
Sports
Geography
Music
Movies
Television
Just For Fun
Miscellaneous
History
Literature
Language
Science
Gaming
Entertainment
Religion
Holiday
For Kids
Quiz Lab
Recent
Popular Today
Quiz Kudos Today
Editor Picks
Curator Picks
Quizzes by...
Day
Popularity
Type
Ratings
Length
Year
Community
Subscriptions
Recent Discussions
Orange Saloon
Badges
Playlists
Quests
Create
Leaderboards
Showdown
Live 5
Trivia Bingo
Activity
Puzzle Library
Sporcle Events
Private Events
Virtual Trivia
Globe League
Become a Host
Pub Owners
SporcleCon
Opinionation
Our Games
Videos
Blog
Mobile Apps
Partnerships
Remove Ads and Go Orange
Feedback
History
US Presidents
World Leaders
Politics
Nation
Discovery
War
Decade
Year
Century
Biography
Art
History
US Presidents
World Leaders
Politics
Nation
Discovery
War
Decade
Year
Century
Biography
Art
Random Quiz
Search Sporcle
×
Quiz Lab
Quiz Lab
History
War
Type in answers that appear in a list
Type in answers that appear in a list
Classic
Best Score? Go Orange.
Prelude to War (Copy) Stats
Can you name the Prelude to War?
By
guardadokathy
5m
20 Questions
1 Play
1 Plays
1 Plays
Comments
Comments
Give Quiz Kudos
Give Quiz Kudos
-
- Ratings
hide this ad
Replay
Link that replays current quiz
Next Quiz
Link to next quiz in quiz playlist
You Got
0%
They Got
Avg Score
85%
Avg Friend Score
Upgrade to see
Score Distribution
Jump to the score distribution portion of the page
Score
0/20
Timer
05:00
0
Plays Today
Hint
Answer
% Correct
Who eliminated Texican Rights?
Santa Anna
100%
Republic of Texas also known as?
The Lone Star Republic
100%
Who was nicknamed Young Hickory?
James K. Polk
100%
What was proposed twice in the House but never in the Senate?
Wilmot Proviso
100%
What ended discussion of slavery in Congress?
Gag rule
100%
How many white families actually owned slaves?
1|5
100%
In the North who resented free blacks the most?
The Irish
100%
Where did small civil wars erupt from?
Kansas
100%
California Gold, Over speculation of Western land and Rail road stocks caused what?
The Crash of 1857
100%
What state called for the South's First Secession Convention?
South Carolina
100%
Hint
Answer
% Correct
What was the last attempt to compromise?
The Crittenden Compromise
100%
Who was the first president of the Confederate States of America?
Jefferson Davis
100%
Who would have the home field advantage during the war?
The South
100%
The Wilmot Proviso supported what party?
The Free Soil Party
100%
Who dismembered 5 proslavers in the Pottawatomie Massacre
John Brown
100%
Who annexed Texas as a slave state?
John Tyler
100%
Who was considered the 'Father of Popular Sovereignty'?
Lewis Cass
100%
Who negotiated the Treaty of Guadalupe Hidalgo?
Nicholas Trist
0%
What led to violence in the U.S Congress?
Brooks-Summer Clash
0%
Who led the Yanquis Army?
Winfield Scott
0%
Quiz Playlist
Details
Report
Send in Message
Add To Playlist
Classic:
Type in answers that appear in a list
Last Updated: Feb 16, 2017
Quiz Scoreboard
CHALLENGE
Sign Up to Join the Scoreboard
Show All
Scores
Hide
Comments
May contain spoilers
Recently Published
5x2 Blitz: Bands
by SL_Kpop136
Music
30s
Colored Red Africa Blitz
by spor1
Geography
30s
Find the 'City' Movie
by crazypaving
Movies
60s
More to Explore
Quiz From the Vault
Featured Blog Post
14 Easter Pick-up Lines to Find Eggs With
hide this ad
You Might Also Like...
Tags
War Quiz
Today's Top Quizzes in History
Browse History
hide this ad
Today's Top Quizzes in War
Browse War
Top Contributed Quizzes in History
1
Popular People in 1991
2
US National Parks Named After People
3
Popular People in 1951
4
Popular People in 1941
5
Order Up: 1000 Years of World Events I
6
I Am Born On March 29th
7
Popular People in 1921
8
Popular People in 1981
9
Popular People in 1986
10
Popular People in 1976
Explore More
Trending Topics
NBA
Harry Potter
Kpop
Disney
Anime
Marvel
Crossword
The Office
Pokémon
NFL
Soccer
WWE
Song
Country
Puzzle
hide this ad
More By:
guardadokathy
Quiz
Plays
Rating
Category
Featured
Created
Abolitionists (Copy)
9
History
Nov 29, 2016
Prelude to War (Copy)
1
History
Nov 29, 2016
Go to Creator's Profile
Score Distribution
Quiz Creator Spotlight
guardadokathy
Follow
Send a Message
Quizzes Created
-
Created Quiz Play Count
-
More By This Creator
Popular Quizzes Today
1
Colored Red Africa Blitz
2
Find the 'City' Movie
3
Find the US States - No Outlines Minefield
4
5x2 Blitz: Bands
5
The Countries of the World
6
Find the US States
7
Find the Countries of Europe - No Outlines Minefield
8
US States
More History Quizzes
History by Doctor Who - Jon Pertwee
Editor's Pick
Trending Quizzes
Colored Red Europe Blitz I
Colored Red Europe Blitz II
Colored Red Africa Blitz II
Colored Red Europe Blitz III
Colored Red Africa Blitz III
Recently Updated
How Do You Spell That?
pecheneg
Godzilla Movies
pecheneg
Grab Bag: 4-10 Letters
pecheneg
2024 March Madness Bracket
pecheneg
Famous TV Couples
Peacemaker
Champions League XIs: Real Madrid
pecheneg
Largest US Cities 1790-2010
pecheneg
Rides in Walt Disney World
pecheneg
Most Oscar Losses (Acting)
pecheneg
Beyoncé Albums
pecheneg
Trending Topics
Marvel
Disney
NBA
Kpop
Anime
Harry Potter
Crossword
The Office
Pokémon
NFL
Puzzle
Soccer
Song
WWE
Country
Your Account Isn't Verified!
In order to create a playlist on Sporcle, you need to verify the email address you used during registration. Go to your
Sporcle Settings
to finish the process.
Report this User
Report this user for behavior that violates our
Community Guidelines
.
Details:
Send Report
Go to the Sporcle.com Mobile Site →
Comments